000 00503nam a2200205Ia 4500
005 20140315103011.0
008 140130s9999 xx 000 0 und d
020 _a0590411454
050 _aPZ 8.1
_b.M478 1985
100 _aMcQueen, Lucinda
245 _cMcQueen, Lucinda
_aThe little red hen /
260 _bScholastic,
_c1985.
_aU.S.A :
300 _a32 p. :
_bcol. ill. ;
_c22 cm.
440 _v1
521 _aG2
526 _c470
942 _cBK
_2lcc
999 _c40446
_d40446